000 00599nam a2200205Ii 4500
003 JO-AjNU
008 230605s9999||||xx |||||||||||||| ||und||
017 _a1971/4124
040 _aJO-AjNU
_bara
_erda
_cJO-AjNU
041 _aara
050 1 4 _aPJ7816.A225.A15 1971
100 3 _aالبدوي، محمود,
_eauthor
_916612
245 0 0 _aالسفينة الذهبية
264 3 1 _aالقاهرة: الشعب، 1971
300 _a222ص
336 _atext
_btxt
_2rdacontent
337 _aunmediated
_bn
_2rdamedia
338 _avolume
_bnc
_2rdacarrier
650 4 _aروايات عربية
_916613
999 _aA4963
_c8531
_d8531